Loading...
| Literature - European | 0 | 12 | 0 | 1 | 120 | 40 | 91.58 | 3 | 7 | 0.00 | 0.00 |
| Literature - British | 0 | 10 | 0 | 1 | 100 | 47 | 96.10 | 3 | 8 | 0.00 | 0.00 |
| Literature - American | 0 | 7 | 2 | 1 | 60 | 34 | 86.43 | 2 | 5 | 0.00 | 0.00 |
| Mythology | 0 | 5 | 0 | 0 | 50 | 30 | 84.00 | 1 | 2 | 0.00 | 0.00 |
| Literature - World | 0 | 6 | 2 | 1 | 50 | 47 | 89.50 | 2 | 5 | 0.00 | 0.00 |
| Philosophy | 0 | 4 | 0 | 0 | 40 | 64 | 85.50 | 3 | 4 | 0.00 | 0.00 |
| Social Science | 0 | 3 | 0 | 1 | 30 | 43 | 68.33 | 1 | 2 | 0.00 | 0.00 |
| Fine Arts - Painting and Sculpture | 0 | 3 | 0 | 0 | 30 | 73 | 89.00 | 1 | 3 | 0.00 | 0.00 |
| Science - Other | 0 | 3 | 0 | 0 | 30 | 79 | 89.33 | 1 | 3 | 0.00 | 0.00 |
| History - European | 0 | 2 | 0 | 0 | 20 | 72 | 77.00 | 0 | 1 | 0.00 | 0.00 |
| Other Academic | 0 | 2 | 0 | 0 | 20 | 109 | 110.50 | 1 | 1 | 0.00 | 0.00 |
| Religion | 0 | 2 | 0 | 0 | 20 | 53 | 58.50 | 1 | 2 | 0.00 | 0.00 |
| Pop Culture | 0 | 1 | 0 | 0 | 10 | 97 | 97.00 | 0 | 1 | 0.00 | 0.00 |
| History - American | 0 | 1 | 0 | 0 | 10 | 113 | 113.00 | 0 | 1 | 0.00 | 0.00 |
| Science - Biology | 0 | 1 | 0 | 0 | 10 | 75 | 75.00 | 0 | 1 | 0.00 | 0.00 |
| Fine Arts - Other | 0 | 1 | 0 | 0 | 10 | 93 | 93.00 | 0 | 1 | 0.00 | 0.00 |
| Geography | 0 | 1 | 0 | 0 | 10 | 87 | 87.00 | 1 | 1 | 0.00 | 0.00 |